NBA Historical Active Scoring Leaders - Statistics

General Stats
  • This quiz has been taken 100 times
  • The average score is 10 of 18
Answer Stats
Answer % Correct
LeBron James
100%
Kareem Abdul-Jabbar
87%
Kobe Bryant
86%
Michael Jordan
86%
Wilt Chamberlain
78%
Karl Malone
77%
Moses Malone
77%
Dirk Nowitzki
71%
Shaquille O'Neal
69%
Bob Pettit
53%
George Mikan
53%
John Havlicek
42%
Oscar Robertson
41%
Dolph Schayes
27%
Reggie Miller
18%
Joe Fulks
14%
Ed Macauley
5%
Max Zaslofsky
5%
No matching quizzes found
Score Distribution
Percent of People with Each Score
Percentile by Number Answered
Your Score History
You have not taken this quiz